000 00321nam a2200121Ia 4500
008 220204s9999 xx 000 0 und d
082 _a546.1/.2
_bBAB
100 _aBabko, A K
245 0 _aPhotometric analysis: Methods of determinig non metals
260 _aMoscow
_bMir
_c1976
700 _aPilipenko, A T
942 _cBK
999 _c34182
_d34182